| 000 | 01361nam a2200337 a 4500 | ||
|---|---|---|---|
| 001 | ebr10522077 | ||
| 003 | CaPaEBR | ||
| 006 | m u | ||
| 007 | cr cn||||||||| | ||
| 008 | 120123s2011 enkabf sb 001 0aeng d | ||
| 020 | _z9781848858336 | ||
| 020 | _z9780857719614 (e-book) | ||
| 040 |
_aCaPaEBR _cCaPaEBR |
||
| 035 | _a(OCoLC)772844775 | ||
| 043 | _af-tz--- | ||
| 050 | 1 | 4 |
_aDT447.2 _b.M44 2011eb |
| 100 | 1 |
_aMeek, Charles Innes, _d1920-1999. |
|
| 245 | 1 | 0 |
_aBrief authority _h[electronic resource] : _ba memoir of colonial administration in Tanganyika / _cCharles Meek ; edited by Innes Meek. |
| 260 |
_aLondon : _bRadcliffe Press, _c2011. |
||
| 300 |
_axi, 265 p., 16 p. of plates : _bill., maps. |
||
| 504 | _aIncludes bibliographical references and index. | ||
| 533 |
_aElectronic reproduction. _bPalo Alto, Calif. : _cebrary, _d2012. _nAvailable via World Wide Web. _nAccess may be limited to ebrary affiliated libraries. |
||
| 600 | 1 | 0 |
_aMeek, Charles Innes, _d1920-1999. |
| 650 | 0 |
_aColonial administrators _zTanzania _vBiography. |
|
| 651 | 0 | _aTanzania. | |
| 651 | 0 |
_aTanzania _xHistory _y1890-1918. |
|
| 655 | 7 |
_aElectronic books. _2local |
|
| 700 | 1 | _aMeek, Innes. | |
| 710 | 2 | _aebrary, Inc. | |
| 856 | 4 | 0 |
_uhttp://site.ebrary.com/lib/rucke/Doc?id=10522077 _zAn electronic book accessible through the World Wide Web; click to view |
| 999 |
_c142400 _d142400 |
||